000 00501nam a2200193Ia 4500
008 120912t2001 xxu||||| |||| 00| 0 sin d
041 _asin
080 _a8-3
_bCUR
100 _aCurtis,Richard
245 _aමිස්ටර් බීන්
246 _aMistar Been
260 _aHeladiwa Publishers
_aWarakapola
_c2001
300 _b60p, 18 cm
700 _aDriscoll,Robin
700 _aDissanayaka,Bandara
_etr.
942 _cBK
999 _c43113
_d43113
003 LK-CoDNM
040 _aLK-CoDNM
_dLK-CoDNM
_eLK-CoDNM